00480nam a2200181 a 4500001001300000003000900013005001700022008004100039020001000080082001800090245003400108260004900142300001000191500003500201505001000236650002300246710002900269nice12345678IN_TiNIC20260116011947.0050524s1972 wica grp 000 0 eng  ac32500a220.5205bCAT aNew American Bible, 1971-1972 aWichita, KAbCatholic Bible Publishersc1972 a1319p aincludes index and biblioraphy2 aIndex aBible-Dictionaries2 aCatholic Bible Publisher